Datum a čas kvízu
19
Celkem bodů
Celkový počet nahraných bodů na tomto kvízu bez doplňovacích otázek.
13.
Pořadí na kvízu
Konečné umístění týmu na tomto kvízu.
Zaznamenané odpovědi
| # | Otázka | Odpověď | Body | Výsledky |
|---|---|---|---|---|
| 1. | Česká diplomacie zaznamenala m... | Jiří Šedivý | 0 | |
| 2. | V jedné evropské zemi rezignov... | o Ukrajině | 0 | |
| 3. | Zahájení letošního ročníku fes... | Oleh Sencov | 0 | |
| 4. | V úterý byl vyhlášen Podnikate... | Oliver Dlouhý | 0 | |
| 5. | Naše reprezentantka Markéta Da... | Denise Herrmannová | 0 | |
| 6. | V následujících pěti otázkách... | gaviál (indický) | 1 | |
| 7. | Desomorfin je syntetický opioi... | v Rusku | 0 | |
| 8. | Značka Crocs je známá předevší... | v USA | 0 | |
| 9. | Česká rodinná komedie Jak se k... | Marie Poledňáková | 1 | |
| 10. | Jak se jmenoval tento muž, zva... | Bill Haley | 0 |